000 00668nam a2200277Ia 4500
005 20260324143313.0
008 008 260324s9999 xx 000 0 eng d
020 _a9780429179310
037 _aEBOOK
040 _aCRL
040 _beng
040 _cCRL
041 _2eng
041 _aeng
084 _qCRL
100 _aJ.L.G. Fierro; L.G. Tejuca
_91215156
245 0 _aProperties and Applications of Perovskite-Type Oxides
260 _bTaylor and Francis
260 _c1992
365 _a
365 _b640
856 _uhttp://www.taylorfrancis.com/books/9780429179310
942 _cEBOOK
999 _c1820367
_d1820367